LDR 00709naa#a2200169#i#450# 001 RU\\bibl\104449 005 20260703023202.5 011 ## _a2227-1171 100 ## _a20260630b2026####ek#y0rusy0150####ca 102 ## _aRU 200 1# _aПРАВОСОЗНАНИЕ В УСЛОВИЯХ ИНФОРМАЦИОННОЙ ЭНТРОПИИ СОВРЕМЕННОГО ОБЩЕСТВА _eЖурнальная статья 210 1# _aКазань _cКазанский юридический институт МВД России _d2026 215 ## _a5 с. 608 ## _aЖурнальная статья _2local 675 ## _aПравосознание. 340.114.5 _z 700 #1 _aШеуджен _gНурдин Асланович 856 4# _avestnikkui.ru _u